000 01565cam a2200181 4500500
005 20260329002500.0
041 _afre
042 _adc
100 1 0 _aDénervaud, Stéphanie
_eauthor
700 1 0 _aAudrin, Catherine
_eauthor
700 1 0 _aSander, Emmanuel
_eauthor
245 0 0 _aDiversifying perspectives in solving arithmetic problems through pivot statements: A study of the representations induced by different types of statements
260 _c2026.
500 _a10
520 _a‪The aim of the present study is to determine which representations generate problem statements with an additive structure. To this end, we study how adult participants interpret a statement. We ask them to choose, among several options, the proposition(s) similar to a series of statements presented to them. Our goal is to show that some of these statements, called pivots, are susceptible to multiple matches, whereas others lead to a univocal choice. A study of 137 teachers or future teachers, in which participants were asked to rate the closeness of 18 statements across three classification criteria, confirmed that the statements considered pivotal did indeed elicit a large number of associations. Pivotal statements are well-suited to flexible interpretation. The prospects offered by their mobilisation in pedagogical devices are considered.‪
786 0 _nRevue française de pédagogie | 227 | 2 | 2026-02-19 | p. 53-66 | 0556-7807
856 4 1 _uhttps://shs.cairn.info/journal-revue-francaise-de-pedagogie-2025-2-page-53?lang=en&redirect-ssocas=7080
999 _c1815424
_d1815424